000 00997nam a2200205Ia 4500
003 Ost
005 20260507075017.0
008 260507s9999||||xx |||||||||||||| ||und||
040 _cfsecg
041 _aara
082 _a658
100 _aالسيد، اسماعيل محمد
_eمؤلف
245 0 _aالإدارة الإستراتيجية :
_bمفاهيم وحالات تطبيقية /
_c اسماعيل محمد السيد
260 _aالإسكندرية:
_bالمكتب العربي الحديث,
_c1999
300 _a503 صفحة؛
_bإيضاحات ؛
_c24 سم
520 _aالإدارة الإستراتيجية-تحديد رسالة المنظمة وتكوين الإستراتيجية-الإستراتيجيات البديلة-الإختيار الإستراتيجي-وضع الإختيار الإستراتيجي موضع التنفيذ-تقييم الإختيار الإستراتيجي
653 _aالادارة
653 _aالاستراتيجية
942 _cكتاب
999 _c42227
_d42227